[Event "71st MNE-ch 2019"]
[Site "Podgorica"]
[Date "2019.05.23"]
[Round "6.16"]
[White "Petrovic, Slavko"]
[Black "Ljeskovic, Luka"]
[Result "1-0"]
[WhiteElo "1945"]
[BlackElo "1710"]
[Annotator "NA RC"]
[PlyCount "67"]
[EventDate "2019.05.18"]
[EventType "swiss"]
[EventCountry "MNE"]
[SourceTitle "playchess.com"]
[Source "ChessBase"]
[SourceQuality "1"]
[TimeControl "40/5400+30:1800+30"]

1. e4 {[%emt 0:03:41]} c6 {[%emt 0:00:00]} 2. d4 {[%emt 0:00:19]} d5 {[%emt 0:00:00]} 3. Nd2 {[%emt 0:00:18]} dxe4 {[%emt 0:00:00]} 4. Nxe4 {[%emt 0:00:09]} Bf5 {[%emt 0:00:00]} 5. Ng3 {[%emt 0:00:31]} Bg6 {[%emt 0:01:00]} 6. Nf3 {[%emt 0:00:49]} Nd7 {[%emt 0:00:44]} 7. Bd3 {[%emt 0:03:51]} Bxd3 {[%emt 0:00:11]} 8. Qxd3 {[%emt 0:00:10]} e6 {[%emt 0:00:16]} 9. O-O {[%emt 0:01:36]} Qc7 {[%emt 0:00:55]} 10. Re1 {[%emt 0:05:18]} Ngf6 {[%emt 0:00:08]} 11. c4 {[%emt 0:00:51]} O-O-O {[%emt 0:01:25]} 12. Qc2 {[%emt 0:06:05] B18: Classical Caro-Kann: 4...Bf5 sidelines} h5 $146 {[%emt 0:00:36]} ({Predecessor:} 12... Bb4 13. Re2 h5 14. a3 Bd6 15. b4 h4 16. Nf1 Bf4 17. Qa4 Kb8 18. Qc2 Rh5 19. Bxf4 Qxf4 {1-0 (28) Daamen,R (1782)-Wennekes,H (1810) Roosendaal 2009}) 13. Bg5 {[%emt 0:03:05]} Bd6 {[%emt 0:02:27]} 14. Qc1 {[%emt 0:20:32]} c5 {[%emt 0:04:00]} 15. d5 {[%emt 0:04:56]} Rde8 {[%emt 0:08:50]} 16. dxe6 {[%emt 0:03:22]} fxe6 {[%emt 0:00:23]} 17. a4 {[%emt 0:11:13]} Ng4 {[%emt 0:02:25]} 18. Ra3 {[%emt 0:09:19]} Nde5 {[%emt 0:04:20]} 19. Nh4 {[%emt 0:06:27]} Qf7 {[%emt 0:10:27]} (19... Nc6 $11 {and Black is okay.}) 20. Ne4 {[%emt 0:02:47]} Bc7 {[%emt 0:09:06]} 21. f3 {[%emt 0:01:41]} Nxh2 {[%emt 0:05:47]} (21... Nf6 $16) 22. f4 {[%emt 0:02:58]} Neg4 {[%emt 0:01:16]} 23. Rd3 {[%emt 0:00:58]} Kb8 {[%emt 0:05:00]} 24. Red1 {[%emt 0:00:23]} e5 $18 {[%emt 0:04:35]} 25. f5 {[%emt 0:00:48]} g6 {[%emt 0:00:16]} 26. Rd7 {[%emt 0:00:23]} Qf8 {[%emt 0:00:56]} 27. f6 {[%emt 0:01:06]} Rd8 {[%emt 0:01:18]} 28. f7 {[%emt 0:01:09]} Rxd7 {[%emt 0:00:19]} 29. Rxd7 {[%emt 0:00:14]} Qc8 {[%emt 0:00:21]} 30. Qd2 {[%emt 0:00:41]} Rf8 {[%emt 0:01:18]} 31. Nxg6 {[%emt 0:00:45]} h4 {[%emt 0:00:50]} 32. Nxf8 {[%emt 0:02:16]} h3 {[%emt 0:00:28]} 33. Ne6 {[%emt 0:00:40]} hxg2 {[%emt 0:00:08]} 34. Kxg2 {[%emt 0:00:25]} 1-0

[Event "71st MNE-ch 2019"]
[Site "Podgorica"]
[Date "2019.05.24"]
[Round "7.1"]
[White "Djukic, Nikola"]
[Black "Kalezic, Blazo"]
[Result "1-0"]
[WhiteElo "2552"]
[BlackElo "2450"]
[Annotator "TA"]
[PlyCount "37"]
[EventDate "2019.05.18"]
[EventType "swiss"]
[EventCountry "MNE"]
[SourceTitle "playchess.com"]
[Source "ChessBase"]
[SourceQuality "1"]

{[%evp 11,35,5,13,0,0,0,0,-19,-16,-33,27,28,28,16,51,55,348,330,556,515,847,832,805,804,977,972]} 1. e4 c6 2. d4 d5 3. e5 Bf5 4. h4 h5 5. Bd3 Bxd3 6. Qxd3 e6 7. Bg5 {B12: Caro-Kann: Advance Variation} Qb6 (7... Be7 8. Nf3 Nh6 9. Nbd2 Nf5 10. Nf1 Qa5+ 11. c3 Qa6 12. Qd2 Nd7 13. Ng3 Nxg3 14. fxg3 f6 {½-½ (72) Inarkiev,E (2693)-Tomashevsky,E (2705) St Petersburg 2018}) 8. Nd2 c5 9. c4 {The position is equal.} Qxb2 10. Rd1 {[#] Strongly threatening cxd5.} Qxd4 (10... Nc6 $15 11. cxd5 exd5) 11. Qb3 $1 $11 Qxe5+ 12. Ne2 $1 Qc7 {Threatens to win with ...d4.} 13. cxd5 e5 $2 {[%mdl 8192]} (13... exd5 $14 14. O-O (14. Qxd5 Nd7 $11) 14... Nd7) 14. Nc4 $18 {[#] aiming for d6.} Nd7 $2 (14... f6 {was necessary.} 15. Nc3 Qd7) 15. Nc3 {White is clearly winning.} a6 (15... g6 $142 16. Nb5 Qb8) 16. d6 Qc6 17. Nd5 {Hoping for Nc7+.} Rc8 18. Na5 {Accuracy: White = 70%, Black = 19%.} {Predecessor:} Qxd6 $146 19. Qxb7 {1-0 (19) Kevlishvili,R (2502)-Gomez Jurado,L (2272) Montcada 2018} 1-0

[Event "71st MNE-ch 2019"]
[Site "Podgorica"]
[Date "2019.05.24"]
[Round "7.2"]
[White "Tomic, Aleksandar"]
[Black "Blagojevic, Dragisa"]
[Result "1-0"]
[WhiteElo "2357"]
[BlackElo "2499"]
[Annotator "RC"]
[PlyCount "177"]
[EventDate "2019.05.18"]
[EventType "swiss"]
[EventCountry "MNE"]
[SourceTitle "playchess.com"]
[Source "ChessBase"]
[SourceQuality "1"]
[TimeControl "40/5400+30:1800+30"]

1. d4 {[%emt 0:10:43]} d5 {[%emt 0:00:00]} 2. c4 {[%emt 0:00:18]} e6 {[%emt 0:00:00]} 3. Nc3 {[%emt 0:00:13]} c6 {[%emt 0:00:00]} 4. e3 {[%emt 0:00:17]} Nf6 {[%emt 0:00:07]} 5. Nf3 {[%emt 0:00:13]} Nbd7 {[%emt 0:00:26]} 6. Qc2 {[%emt 0:00:07]} b6 {[%emt 0:00:53]} 7. cxd5 {[%emt 0:08:42]} exd5 {[%emt 0:00:36]} 8. Bd3 {[%emt 0:01:18]} Bb7 {[%emt 0:01:04]} 9. O-O {[%emt 0:01:51]} Be7 {[%emt 0:00:39]} 10. Ne5 {[%emt 0:13:17]} O-O {[%emt 0:01:41]} 11. e4 {[%emt 0:05:12]} dxe4 {[%emt 0:03:50]} 12. Nxe4 {[%emt 0:00:27]} c5 {[%emt 0:01:21]} 13. Ng5 {[%emt 0:04:26]} g6 {[%emt 0:00:36]} 14. Bc4 {[%emt 0:15:38]} Nxe5 {[%emt 0:12:05]} 15. dxe5 {[%emt 0:00:28]} Nd5 {[%emt 0:00:12]} 16. h4 {[%emt 0:02:44]} Qd7 {[%emt 0:10:35]} 17. Qe2 {[%emt 0:16:30]} f6 {[%emt 0:13:27]} 18. Nf3 {[%emt 0:02:32]} Kg7 {[%emt 0:03:34]} 19. Rd1 {[%emt 0:04:49]} Rad8 {[%emt 0:00:53]} 20. e6 {[%emt 0:03:50]} Qc7 {[%emt 0:11:13]} 21. h5 {[%emt 0:01:54]} g5 {[%emt 0:02:51]} 22. h6+ {[%emt 0:00:53]} Kxh6 {[%emt 0:01:36]} 23. Nh4 {[%emt 0:02:16]} Qe5 {[%emt 0:10:05]} 24. Qc2 {[%emt 0:02:21]} f5 {[%emt 0:01:53]} 25. Bd2 {[%emt 0:00:35]} Qe4 {[%emt 0:04:47]} 26. Qxe4 {[%emt 0:00:13]} fxe4 {[%emt 0:00:04]} 27. g3 {[%emt 0:01:10]} Bf6 {[%emt 0:02:07]} 28. Nf5+ {[%emt 0:00:25]} Kg6 {[%emt 0:00:32]} 29. g4 {[%emt 0:00:27]} Rfe8 {[%emt 0:01:25]} 30. Bc3 {[%emt 0:00:37]} Bxc3 {[%emt 0:05:02]} 31. bxc3 {[%emt 0:00:30]} Kf6 {[%emt 0:05:28]} 32. e7 {[%emt 0:00:27]} Rxe7 {[%emt 0:02:57]} 33. Nxe7 {[%emt 0:00:30]} Kxe7 {[%emt 0:00:07]} 34. Bxd5 {[%emt 0:00:19]} Bxd5 {[%emt 0:00:21]} 35. Rd2 {[%emt 0:00:33]} Be6 {[%emt 0:01:41]} 36. Rxd8 {[%emt 0:00:15]} Kxd8 {[%emt 0:00:04]} 37. Re1 {[%emt 0:00:11]} Bxa2 {[%emt 0:02:25]} 38. Ra1 {[%emt 0:00:05]} Be6 {[%emt 0:00:39]} 39. Rxa7 {[%emt 0:00:04]} Bd7 {[%emt 0:00:34]} 40. Kf1 {[%emt 0:00:00]} b5 {[%emt 0:00:00]} 41. Ke1 {[%emt 0:02:34]} h6 {[%emt 0:02:33]} 42. Ra6 {[%emt 0:00:53]} Bxg4 {[%emt 0:05:36]} 43. Rxh6 {[%emt 0:01:09]} Kd7 {[%emt 0:01:01]} 44. Rb6 {[%emt 0:07:04]} Be6 {[%emt 0:02:18]} 45. Rxb5 {[%emt 0:00:36]} Kc6 {[%emt 0:00:20]} 46. Ra5 {[%emt 0:01:17]} Kd5 {[%emt 0:07:13]} 47. Kd2 {[%emt 0:00:44]} Bg4 {[%emt 0:03:33]} 48. Ra4 {[%emt 0:03:10]} Bd7 {[%emt 0:02:26]} 49. Ra7 {[%emt 0:01:00]} Bh3 {[%emt 0:01:02]} 50. Rg7 {[%emt 0:01:17]} g4 {[%emt 0:00:39]} 51. Ke3 {[%emt 0:00:57]} Kc4 {[%emt 0:00:43]} 52. Rg5 {[%emt 0:00:05]} Bg2 {[%emt 0:01:25]} 53. Rxg4 {[%emt 0:00:28]} Bf3 {[%emt 0:00:14]} 54. Rg5 {[%emt 0:00:29]} Bh1 {[%emt 0:02:13]} 55. Kd2 {[%emt 0:04:39]} Bf3 {[%emt 0:00:10]} 56. Rf5 {[%emt 0:01:18]} Bg4 {[%emt 0:01:55]} 57. Rf7 {[%emt 0:06:51]} Bf3 {[%emt 0:01:13]} 58. Kc2 {[%emt 0:01:19]} Kb5 {[%emt 0:01:00]} 59. Ra7 {[%emt 0:03:18]} Kc4 {[%emt 0:00:27]} 60. Ra5 {[%emt 0:00:16]} Bh5 {[%emt 0:01:52]} 61. Ra4+ {[%emt 0:00:36]} Kd5 {[%emt 0:00:44]} 62. Kd2 {[%emt 0:01:13]} Be8 {[%emt 0:00:08]} 63. Ra6 {[%emt 0:00:42]} Bb5 {[%emt 0:00:41]} 64. Rb6 {[%emt 0:00:55]} Bf1 {[%emt 0:01:02]} 65. Rb1 {[%emt 0:00:31]} Bg2 {[%emt 0:00:14]} 66. Ra1 {[%emt 0:00:40]} Kc4 {[%emt 0:00:15]} 67. Kc2 {[%emt 0:00:39]} Bf3 {[%emt 0:00:13]} 68. Ra5 {[%emt 0:00:59]} Bh5 {[%emt 0:01:31]} 69. Ra4+ {[%emt 0:00:39]} Kd5 {[%emt 0:00:06]} 70. Kd2 {[%emt 0:00:23]} Be8 {[%emt 0:00:06]} 71. Ra7 {[%emt 0:00:41]} Kc4 {[%emt 0:01:25]} 72. Re7 {[%emt 0:00:26]} Bc6 {[%emt 0:00:10]} 73. Rc7 {[%emt 0:00:15]} Ba8 {[%emt 0:02:56]} 74. Kc2 {[%emt 0:00:59]} Bd5 {[%emt 0:00:45]} 75. Ra7 {[%emt 0:00:26]} Bc6 {[%emt 0:00:18]} 76. Kd2 {[%emt 0:00:28]} Bd5 {[%emt 0:00:24]} 77. Ra6 {[%emt 0:00:29]} Bb7 {[%emt 0:00:37]} 78. Ra3 {[%emt 0:00:16]} Bd5 {[%emt 0:00:43]} 79. Ke3 {[%emt 0:00:08]} Kb5 {[%emt 0:00:24]} 80. Kf4 {[%emt 0:00:09]} Kc4 {[%emt 0:00:16]} 81. Ke5 {[%emt 0:00:08]} Bb7 {[%emt 0:01:04]} 82. Kd6 {[%emt 0:00:16]} Bc8 {[%emt 0:00:35]} 83. Ra5 {[%emt 0:00:46]} Bg4 {[%emt 0:00:12]} 84. Rxc5+ {[%emt 0:00:11]} Kd3 {[%emt 0:00:04]} 85. Ke5 {[%emt 0:00:16]} Bf3 {[%emt 0:00:28]} 86. Kf4 {[%emt 0:00:08]} Ke2 {[%emt 0:00:13]} 87. Kg3 {[%emt 0:00:07]} Kd3 {[%emt 0:00:06]} 88. Rc7 {[%emt 0:00:11]} Bh1 {[%emt 0:00:16]} 89. c4 {[%emt 0:00:33]} 1-0

[Event "71st MNE-ch 2019"]
[Site "Podgorica"]
[Date "2019.05.24"]
[Round "7.4"]
[White "Vujovic, Savo"]
[Black "Kontic, Djordjije"]
[Result "0-1"]
[WhiteElo "1940"]
[BlackElo "2264"]
[Annotator "TA"]
[PlyCount "38"]
[EventDate "2019.05.18"]
[EventType "swiss"]
[EventCountry "MNE"]
[SourceTitle "playchess.com"]
[Source "ChessBase"]
[SourceQuality "1"]

{[%evp 24,38,14,-2,0,0,-6,-12,-6,-58,-40,-106,-4,0,0,-665,-661]} 1. e4 c5 2. Nf3 g6 3. d4 Bg7 4. Nc3 cxd4 5. Nxd4 Nc6 6. Be3 Nf6 7. Nxc6 bxc6 8. e5 Nd5 9. Nxd5 cxd5 10. Qxd5 Rb8 11. Bc4 O-O 12. O-O Qc7 13. f4 d6 {B34: Sicilian: Accelerated Dragon with 5 Nc3: sidelines} 14. exd6 exd6 15. Bb3 Re8 {The position is equal.} 16. Qd2 (16. Bf2 $11) 16... Bxb2 $15 {[#] aiming for ...Bc3.} 17. Bd4 $146 (17. Rab1 $15 Bc3 18. Qf2) ({Predecessor:} 17. Rab1 Bc3 18. Qf2 a5 19. Bd4 Be6 20. Rbd1 Bxd4 21. Rxd4 {½-½ (33) Muzychuk,M (2526)-Javakhishvili,L (2481) Chengdu 2015}) 17... Bxd4+ (17... Bxa1 $17 18. Rxa1 Bf5) 18. Qxd4 $11 Qc5 19. Rfd1 $2 {[%mdl 8192] [#]} (19. Qxc5 $11 dxc5 20. Rfe1) 19... Re1+ $1 {[%mdl 512]} 0-1

[Event "71st MNE-ch 2019"]
[Site "Podgorica"]
[Date "2019.05.24"]
[Round "7.5"]
[White "Draskovic, Luka"]
[Black "Musovic, Armin"]
[Result "1-0"]
[WhiteElo "2430"]
[BlackElo "2297"]
[Annotator "RC"]
[PlyCount "67"]
[EventDate "2019.05.18"]
[EventType "swiss"]
[EventCountry "MNE"]
[SourceTitle "playchess.com"]
[Source "ChessBase"]
[SourceQuality "1"]
[TimeControl "40/5400+30:1800+30"]

1. Nf3 {[%emt 0:00:00]} Nf6 {[%emt 0:00:29]} 2. g3 {[%emt 0:00:26]} g6 {[%emt 0:00:11]} 3. Bg2 {[%emt 0:01:18]} Bg7 {[%emt 0:00:25]} 4. O-O {[%emt 0:01:21]} O-O {[%emt 0:00:27]} 5. c4 {[%emt 0:01:37]} c5 {[%emt 0:03:03]} 6. Nc3 {[%emt 0:01:15]} Nc6 {[%emt 0:00:36]} 7. d4 {[%emt 0:00:47]} cxd4 {[%emt 0:11:05]} 8. Nxd4 {[%emt 0:00:06]} Nxd4 {[%emt 0:00:33]} 9. Qxd4 {[%emt 0:00:07]} d6 {[%emt 0:00:22]} 10. Qd3 {[%emt 0:12:50]} Ng4 {[%emt 0:10:10]} 11. b3 {[%emt 0:19:59]} Qa5 {[%emt 0:09:51]} 12. Bd2 {[%emt 0:00:49]} Bf5 {[%emt 0:10:30]} 13. Qd5 {[%emt 0:08:34]} Qa3 {[%emt 0:09:38]} 14. e4 {[%emt 0:13:26]} Be6 {[%emt 0:07:51]} 15. Qd3 {[%emt 0:01:35]} Qc5 {[%emt 0:02:57]} 16. Rac1 {[%emt 0:05:27]} Ne5 {[%emt 0:16:15]} 17. Qc2 {[%emt 0:00:45]} Qc8 {[%emt 0:00:15]} 18. Nd5 {[%emt 0:06:20]} Re8 {[%emt 0:00:35]} 19. Kh1 {[%emt 0:04:06]} Bd7 {[%emt 0:08:56]} 20. Bc3 {[%emt 0:04:13]} e6 {[%emt 0:00:39]} 21. Ne3 {[%emt 0:00:26]} Qc5 {[%emt 0:01:12]} 22. Qd2 {[%emt 0:01:40]} Bf8 {[%emt 0:04:26]} 23. f4 {[%emt 0:01:44]} Nc6 {[%emt 0:00:02]} 24. Ng4 {[%emt 0:00:19]} Bg7 {[%emt 0:00:04]} 25. Nf6+ {[%emt 0:01:00]} Bxf6 {[%emt 0:00:08]} 26. Bxf6 {[%emt 0:00:04]} h5 {[%emt 0:01:04]} 27. Rfd1 {[%emt 0:03:33]} Bc8 {[%emt 0:01:13]} 28. e5 {[%emt 0:04:20]} dxe5 {[%emt 0:00:23]} 29. fxe5 {[%emt 0:00:05]} Qf8 {[%emt 0:00:08]} 30. g4 {[%emt 0:01:23]} h4 {[%emt 0:00:39]} 31. Qg5 {[%emt 0:00:07]} Kh7 {[%emt 0:00:08]} 32. Qxh4+ {[%emt 0:00:13]} Qh6 {[%emt 0:00:03]} 33. Qxh6+ {[%emt 0:00:08]} Kxh6 {[%emt 0:00:02]} 34. Rc3 {[%emt 0:00:09]} 1-0

[Event "71st MNE-ch 2019"]
[Site "Podgorica"]
[Date "2019.05.24"]
[Round "7.6"]
[White "Pecurica, Milos"]
[Black "Lekic, Dusan"]
[Result "1/2-1/2"]
[WhiteElo "2365"]
[BlackElo "2352"]
[Annotator "TA"]
[PlyCount "33"]
[EventDate "2019.05.18"]
[EventType "swiss"]
[EventCountry "MNE"]
[SourceTitle "playchess.com"]
[Source "ChessBase"]
[SourceQuality "1"]

{[%evp 17,18,7,0]} 1. e4 c5 2. Nf3 d6 3. d4 cxd4 4. Nxd4 Nf6 5. Nc3 Nc6 6. Bg5 e6 7. Qd2 a6 8. O-O-O h6 9. Bxf6 Qxf6 {Predecessor:} 10. Nxc6 $146 bxc6 11. h4 Qd8 12. Bc4 Be7 13. Bb3 Bb7 14. f4 Qc7 15. f5 exf5 16. Rdf1 O-O 17. exf5 {½-½ (17) Winckelmann,T (2584)-Karacsony,Z (2585) ICCF email 2010} 1/2-1/2

[Event "71st MNE-ch 2019"]
[Site "Podgorica"]
[Date "2019.05.24"]
[Round "7.7"]
[White "Kisic, Bozidar"]
[Black "Sukovic, Andrej"]
[Result "1-0"]
[WhiteElo "2200"]
[BlackElo "2221"]
[Annotator "TA"]
[PlyCount "137"]
[EventDate "2019.05.18"]
[EventType "swiss"]
[EventCountry "MNE"]
[SourceTitle "playchess.com"]
[Source "ChessBase"]
[SourceQuality "1"]

{[%evp 12,137,25,25,50,43,81,76,85,77,92,37,72,81,182,185,183,186,158,177,172,162,169,130,266,281,257,100,94,86,78,68,62,66,71,68,75,74,77,-104,-57,-47,-6,-6,-6,-6,-6,-31,-25,-31,-18,-27,0,-24,-26,-27,-25,-22,-17,-25,-25,-29,0,-17,-7,-38,-24,-37,-7,-17,-16,-24,0,0,0,-80,-7,-22,0,0,0,0,8,8,10,8,11,17,8,0,0,0,0,0,0,8,8,8,33,33,33,33,33,33,33,33,33,8,8,8,13,13,13,13,13,13,13,0,13,13,13,8,8,0,17,17,18,18]} 1. Nf3 Nf6 2. c4 g6 3. b3 Bg7 4. Bb2 d6 5. d4 O-O 6. g3 c6 7. Bg2 Qb6 {E60: King's Indian: Unusual lines and Fianchetto Variation without Nc3} 8. O-O Qa6 $146 ({Predecessor:} 8... a5 9. a3 Nbd7 10. Qc2 Qa6 11. Nbd2 d5 12. Rfe1 Nb6 13. Ne5 Bf5 14. e4 dxe4 15. Nxe4 {0-1 (40) Kristinsson,J (2251)-Movsesian,S (2665) Reykjavik 2015}) 9. Re1 b5 {White is better.} 10. cxb5 cxb5 11. a4 (11. e4 $16) 11... Nc6 12. d5 Na5 (12... Nb4 $16) 13. axb5 $18 Qxb5 14. Nd4 Qb6 15. Bc3 Nb7 {[%cal Ba5b7,Bb7c5,Bc5b3,Bb3d2][%mdl 32]} 16. Nc6 e5 17. Nd2 e4 (17... Bd7 $16) 18. Nc4 ({Not} 18. Nxe4 Nxe4 19. Ne7+ Kh8 $16) 18... Qc7 19. Nxa7 $2 (19. b4 $18) 19... Bd7 $16 20. Bd4 Nc5 21. b4 Ba4 $1 {[%cal Ra4d1]} 22. Qb1 Nb3 23. Bxf6 $1 ({Stronger than} 23. Rxa4 Nxd4 24. b5 Nxd5 $17) 23... Bxf6 24. Rxa4 Qxc4 25. Ra3 $2 (25. Bxe4 $16 {keeps the pressure on. Hoping for Bd3.} Nc5 26. Bd3 Nxd3 27. Qxd3 Qxd3 28. exd3) 25... Nd2 26. Qa2 $1 {[%cal Ra2d2]} Qxb4 (26... e3 $5 27. fxe3 Qxb4 $15) 27. Rd1 Bc3 28. Ra4 $1 {[%cal Ra4b4]} Qb6 29. Nc6 Rxa4 30. Qxa4 {[#] Qc2 is the strong threat.} e3 $1 {[%cal Re3f2]} 31. f4 Bf6 (31... Qb7 {keeps more tension.} 32. Qa3 Qb2 33. Qxb2 Bxb2 34. Nb4 Ra8) 32. Qb4 Qxb4 33. Nxb4 Rb8 34. Nd3 Rb3 35. Ne1 Rb2 36. Nd3 Rb3 37. Ne1 Bd4 38. Nf3 Bc5 39. Ne1 Ra3 40. h3 f5 41. Bf3 Ra2 42. Kg2 $1 Ne4 43. Nd3 {[#]} (43. Rb1 $11) 43... Nc3 (43... Nf2 $1 $17 {[%cal Rf2d1]} 44. Nxf2 exf2) 44. Re1 Rd2 45. Nxc5 dxc5 $11 {[%mdl 4096] Endgame KRB-KRN} 46. Rc1 Ne4 47. Bxe4 fxe4 {KR-KR} 48. Kf1 Rxd5 49. Rc3 c4 50. Rxc4 Rd1+ 51. Kg2 Rd2 52. Rxe4 Rxe2+ 53. Kf3 Rh2 54. h4 Rf2+ 55. Kxe3 Rf1 56. Ke2 Ra1 57. Re7 Ra3 58. Kf2 h5 59. f5 gxf5 {The position is equal.} 60. Re5 Kg7 61. Rxf5 Kg6 (61... Ra2+ {feels hotter.} 62. Kf3 Ra3+ 63. Kg2 Ra2+ 64. Kh3 Kh6) 62. Rg5+ Kh6 63. Kg2 Rb3 64. Kf2 Ra3 65. Re5 Kg6 66. Re6+ Kf5 67. Rh6 Ra2+ 68. Kf3 Ra3+ 69. Kg2 {[%mdl 32768] Accuracy: White = 62%, Black = 46%. . Sensor Board Error (Ke4/e5)?} 1-0

[Event "71st MNE-ch 2019"]
[Site "Podgorica"]
[Date "2019.05.24"]
[Round "7.8"]
[White "Nikcevic, Nebojsa"]
[Black "Pobor, Milo"]
[Result "1/2-1/2"]
[WhiteElo "2435"]
[BlackElo "1960"]
[Annotator "TA"]
[PlyCount "126"]
[EventDate "2019.05.18"]
[EventType "swiss"]
[EventCountry "MNE"]
[SourceTitle "playchess.com"]
[Source "ChessBase"]
[SourceQuality "1"]

{[%evp 9,126,-6,-4,-14,-11,-13,-18,-18,-5,-9,38,30,28,24,31,10,29,21,45,33,36,55,34,33,87,-9,-7,-127,0,0,16,9,1,2,31,37,52,41,72,29,133,126,131,109,115,113,122,98,109,109,109,109,112,93,93,110,112,120,125,129,181,79,79,79,79,80,80,80,81,13,13,13,13,13,13,8,13,13,20,20,27,27,91,91,91,91,91,91,103,91,103,91,103,103,103,91,96,0,8,0,0,0,0,0,0,0,0,0,0,0,0,0,0,0,0,0,0,0,0]} 1. d4 d5 2. Nf3 Nf6 3. c4 e6 4. e3 b6 5. cxd5 (5. Bd3 Bd6 6. O-O O-O 7. Nc3 Bb7 8. Qe2 Nbd7 9. e4 dxe4 10. Nxe4 Nxe4 11. Bxe4 Bxe4 12. Qxe4 h6 13. Rd1 Qe7 14. b3 Nf6 15. Qe2 a5 16. a4 Rfd8 17. Bb2 c6 18. Ne5 Bxe5 19. Qxe5 Qd6 20. Qe2 {0-1 (57) Andreikin,D (2719)-Wang,H (2730) St Petersburg 2018}) 5... exd5 6. Bb5+ {E14: Queen's Indian: Classical Variation (4 e3)} c6 7. Bd3 Bd6 8. Nc3 O-O 9. O-O Bg4 10. e4 dxe4 11. Nxe4 Nxe4 12. Bxe4 f5 $146 ({Predecessor:} 12... h6) 13. Bd3 Nd7 14. Qb3+ Kh8 15. Ng5 {Black must now prevent Nf7+.} Qf6 16. Re1 h6 (16... Bh5 $14) 17. Ne6 (17. Bd2 $1 $16) 17... Rfe8 $11 {And now ...f4 would win.} 18. h3 (18. Bf4 $1 $11 Bxf4 19. Nxf4 Qxd4 20. Rxe8+ Rxe8 21. Qf7) 18... Bh5 (18... Nf8 $1 $17 {[%cal Rf8e6]} 19. d5 (19. hxg4 Nxe6 20. g5 hxg5 $17) 19... cxd5) 19. Bf4 Bxf4 20. Nxf4 Bf7 21. Bc4 $36 {[%mdl 2048] White has good play.} Bxc4 22. Qxc4 b5 23. Qc2 Nb6 24. Rad1 Rad8 {[#]} (24... Kh7 $11 {keeps the balance.}) 25. Re5 $1 $16 {[%mdl 512]} Nd5 (25... Rxe5 26. dxe5) 26. Rxf5 Qd6 27. Nxd5 cxd5 28. Rc1 Re4 29. Qc5 a6 30. b3 Kh7 31. g3 Qe6 32. g4 Re2 33. a4 bxa4 34. bxa4 Rd7 {[#]} (34... Ra2 $16 35. Qc7 Re8) 35. Qc6 (35. Qc8 $1 $18 {has better winning chances.}) 35... Qxc6 36. Rxc6 {[%mdl 4096] Endgame KRR-KRR} Re4 37. Rxa6 Rxd4 38. Kg2 Rc4 {aiming for ...d4.} 39. Ra5 (39. Rf3 $16) 39... d4 $11 {Hoping for ...d3.} 40. Rad5 (40. Rfd5 {is interesting.} Rxd5 41. Rxd5 Rxa4 42. Rd6 Kg8 43. Rd7) 40... Rxd5 41. Rxd5 {Strongly threatening a5.} Rxa4 {KR-KR} 42. Kg3 Ra3+ 43. f3 Rd3 44. h4 Rd1 45. Kf4 d3 (45... Rd3 $1 $11) 46. Ke3 Rh1 47. h5 ({Reject} 47. Kxd3 $6 Rxh4 48. Ke4 Rh1 $11) 47... Re1+ 48. Kxd3 Re7 49. Kd4 Ra7 50. Ke4 Re7+ 51. Re5 Ra7 52. f4 Rb7 53. g5 (53. Re8 $16) 53... hxg5 {The position is equal.} 54. fxg5 Ra7 55. Rd5 Rb7 56. Kf5 Ra7 57. Ke6 Rb7 58. Rd8 Ra7 59. Re8 Rb7 60. Rc8 Ra7 61. Rb8 Ra6+ 62. Kf7 {Threatens to win with g6+.} Ra7+ 63. Kf8 Ra5 {Accuracy: White = 47%, Black = 48%.} 1/2-1/2

[Event "71st MNE-ch 2019"]
[Site "Podgorica"]
[Date "2019.05.24"]
[Round "7.9"]
[White "Karisik, Nenad"]
[Black "Milovic, Jovan"]
[Result "0-1"]
[WhiteElo "2128"]
[BlackElo "2280"]
[Annotator "TA"]
[PlyCount "60"]
[EventDate "2019.05.18"]
[EventType "swiss"]
[EventCountry "MNE"]
[SourceTitle "playchess.com"]
[Source "ChessBase"]
[SourceQuality "1"]

{[%evp 9,60,59,61,39,34,0,4,-16,-4,0,0,-20,0,-4,-7,-12,9,17,64,67,68,83,80,88,100,9,121,129,120,113,166,56,65,35,95,95,101,97,117,98,92,88,97,89,87,-237,-233,-366,-363,-564,-323,-332,-342]} 1. e4 d5 2. exd5 Nf6 3. Bb5+ Nbd7 4. Nc3 g6 5. d4 Bg7 6. Bg5 {B01: Scandinavian Defence} O-O 7. Bc4 $146 ({Predecessor:} 7. Qf3 Nb6 8. Bxf6 exf6 9. Nge2 Qd6 10. Bd3 a6 11. O-O f5 12. b3 Rd8 13. Bc4 {½-½ (44) Socko,B (2654)-Tomczak,J (2541) Wroclaw 2011}) 7... Nb6 8. Bxf6 {The position is equal.} exf6 9. Bb3 a5 {[%cal Ba7a5,Ba5a4][%mdl 32] [#] White must now prevent ...a4.} 10. a3 f5 11. Nge2 a4 12. Ba2 Ra5 13. Qd2 Qh4 14. g3 Qd8 15. O-O-O c6 16. dxc6 bxc6 17. h4 ({White should try} 17. Rhe1 $16) 17... Be6 (17... Ba6 $1 $11) 18. Bxe6 $16 fxe6 19. h5 g5 (19... Qb8 $16 {might work better.} 20. Qd3 g5) 20. Ng1 ({White should play} 20. h6 $18 Bf6 21. Ne4) 20... h6 21. Qe2 Qd6 (21... Qc8 $14) 22. Nf3 Nd5 23. Nxd5 cxd5 24. Rhe1 Ra6 25. Ne5 Rb6 26. c3 Rc8 {[#] And now ...Rxc3+! would win.} 27. Nd3 $2 {[%mdl 8192]} (27. Qd3 $16 {keeps the pressure on.}) 27... Bxd4 $1 $19 28. Kb1 (28. Qc2 $142 Rb3 29. cxd4 Rxc2+ 30. Kxc2) 28... Bxc3 $1 29. Qc2 (29. Nb4 {was worth a try.} Bxb4 30. axb4) 29... Qb8 30. Rc1 Rc4 {Accuracy: White = 26%, Black = 44%.} 0-1